| 000 | 00485nam a2200205Ia 4500 | ||
|---|---|---|---|
| 003 | 0100 | ||
| 008 | 130303s9999 xx 000 0 und d | ||
| 020 | _a687047447 | ||
| 040 | _cARRUPELIB | ||
| 050 | _aBV4211.2.M541990 | ||
| 100 | _aMitchell, Henry | ||
| 245 | _aCelebration and experience in preaching | ||
| 260 | _aNashville | ||
| 260 | _bAbingdon Press | ||
| 260 | _C1990 | ||
| 300 | _a155p. 21cm | ||
| 650 | _bChristian saints | ||
| 700 | _aHenry Mitchell | ||
| 942 | 0 | 0 | _01 |
| 999 |
_c12143 _d12143 |
||